00485nam a2200145Ia 4500008004100000041000800041082001400049100002000063245004100083260003100124300003000155365001100185999001700196952012600213240624s9999 xx 000 0 und d aeng a658.3 LAM aLAMBERT JONAMAY a50 ACTIVITIES FOR DIVERSITY TRAINING c2004aNew DelhibHRD Press axi, : 312 : p. : cm. ; 28 cRSb32 c11797d11797 00104070aIMTNbIMTNcRack 24-Bd2008-12-01eAPg795.00n1575o658.3 LAMp11797r2024-06-24 00:00:00t1w2024-06-24yBK